000 00422nam a2200181Ia 4500
001 23893
005 20260414151007.0
008 260414t1961||||xx |||||||||||||| ||spa||
041 _aESP
082 _a720.92
_bM15L
100 _aDrexler, Arthur,
_eAUT
245 0 _aLudwig Mies van der Rohe
_b
260 _c1961
300 _a128 páginas :
_c26 cm.
650 _aABD
654 _aCAU
942 _cLIB
_dJUS
_fJUS
_2ddc
_n
999 _c23893
_d23893